| 000 | 00457nam a2200205Ia 4500 | ||
|---|---|---|---|
| 001 | 14269 | ||
| 003 | GE_BSU | ||
| 008 | 181216s||||||||xx |||||||||||||| ||und|| | ||
| 020 | _a0-14-011469-6 | ||
| 040 | _cGE_BSU | ||
| 080 | _a811.512 | ||
| 100 | _aPavic, Milorad | ||
| 245 | _aDictionary of the Khazars | ||
| 260 | _aLondon | ||
| 260 | _bPenguin Books | ||
| 260 | _c1988 | ||
| 300 | _a338p.20cm. | ||
| 653 | _aDictionary of the Khazars | ||
| 942 | _cBK | ||
| 999 |
_c47407 _d47407 |
||